000
00341nam a2200169Ia 4500
100
_a
Dietel/Paul
650
_a
C++
250
_a
8
942
_c
BK
366
_f
25
245
_a
C++ How to program
260
_b
Prentice Hall of India
_c
2012
082
_a
5.133
_b
DIE
300
_a
1069
546
_a
ENGLISH
_c
Computers
999
_c
18718
_d
18718